Statystyki dla Co to za logo?

Kliknij tutaj aby rozwiązać quiz!

Ogólne statystyki

  • Ten quiz został rozwiązany 22 razy
  • Średni wynik to 7 z 20

Statystyki odpowiedzi

Odpowiedź% Poprawnych
Mercedes
100%
FedEx
85%
NBA
80%
Discord
75%
Aldi
55%
Polo
45%
Linkedin
40%
Walt Disney
35%
Adobe
30%
7-Eleven
25%
Heinz
25%
Cadbury
15%
Hermes
15%
Unilever
15%
Chipotle
5%
Skechers
5%
TripAdvisor
5%
Clorox
0%
General Mills
0%
Hiliton
0%

Rozkład punktacji

Percentyl według liczby udzielonych odpowiedzi

Procent ludzi z każdym wynikiem

Twoja historia wyników

Nie rozwiązałeś tego quizu